Sobre integrales singulares. 1a. parte /

Guardado en:
Autor Principal: Cotlar, Mischa.
Formato: Libro
Idioma:Spanish
Publicado: [Buenos Aires] : Departamento de Matemática, Facultad de Ciencias Exactas y Naturales de la Universidad Nacional de Buenos Aires, 1957.
Series:Cursos y seminarios de matemática ; fasc. 2
Etiquetas: Agregar Etiqueta
Sin Etiquetas, Sea el primero en etiquetar este registro!
LEADER 00713nam a22001575a 4500
001 MAT.inmabb000422
008 031211s1957####ag############000#0#spa#d
005 20170731154013.0
245 1 0 |a Sobre integrales singulares.  |n 1a. parte /  |c Misha Cotlar. 
260 |a [Buenos Aires] :  |b Departamento de Matemática, Facultad de Ciencias Exactas y Naturales de la Universidad Nacional de Buenos Aires,  |c 1957. 
300 |a 67, 4 p. ;  |c 22 cm. 
440 0 |a Cursos y seminarios de matemática ;  |v fasc. 2 
500 |a "Primera parte del material de un curso-seminario dictado en 1957 en la Facultad de Ciencias de Buenos Aires." 
100 1 |a Cotlar, Mischa. 
084 |a 45Exx  |2 msc2000 
859 |h 45  |i C844  |p A-170  |v 1  |3 Parte 1  |b BIB. MATEMATICA